000 00630nam a2200133 a 4500
001 000030208
005 20200930060132.0
008 110504s1999 dr r 000 0 spa d
040 _aDO-SdBNP
_bspa
_cBNPHU
082 _axxxx
_bE96
245 0 0 _aExhortación apostólica postsinodal ECCLESIA IN AMERICA del Santo Padre Juan Pablo II a los obispos, a los prebísteros y diáconos, a los consagrados y consagradas y a todos los fieles laicos sobre el encuentro con Jesucristo vivo, camino para la convesión, la comunión y la solidaridad en América.
260 _aSanto Domingo :
_bEdiciones MSC,
_c1999.
300 _a143 p. ;
_c22 cm.
999 _c29700
_d29700